Eastern Utah Libraries Catalog: Duchesne, Heber, Roosevelt, & Vernal

Lucky enough / (Record no. 308134)

MARC details
000 -LEADER
fixed length control field 03250cam a2200709 i 4500
001 - CONTROL NUMBER
control field on1004981696
003 - CONTROL NUMBER IDENTIFIER
control field OCoLC
005 - DATE AND TIME OF LATEST TRANSACTION
control field 20200320211329.0
008 - FIXED-LENGTH DATA ELEMENTS--GENERAL INFORMATION
fixed length control field 170613s2018 gaua c 000 1 eng
010 ## - LIBRARY OF CONGRESS CONTROL NUMBER
LC control number 2017015398
020 ## - INTERNATIONAL STANDARD BOOK NUMBER
International Standard Book Number 9781561459575
Qualifying information (hardcover)
020 ## - INTERNATIONAL STANDARD BOOK NUMBER
International Standard Book Number 1561459577
Qualifying information (hardcover)
020 ## - INTERNATIONAL STANDARD BOOK NUMBER
International Standard Book Number 9781561459582
Qualifying information (trade paperback)
020 ## - INTERNATIONAL STANDARD BOOK NUMBER
International Standard Book Number 1561459585
Qualifying information (trade paperback)
035 ## - SYSTEM CONTROL NUMBER
System control number (OCoLC)1004981696
040 ## - CATALOGING SOURCE
Original cataloging agency DLC
Language of cataloging eng
Description conventions rda
Transcribing agency DLC
Modifying agency BDX
-- YDX
-- CHILD
-- NTG
-- TOH
-- OI6
-- TNH
-- UAP
-- CZA
-- GK9
-- OCLCO
-- NYP
-- VP@
-- WACOL
042 ## - AUTHENTICATION CODE
Authentication code pcc
-- lcac
049 ## - LOCAL HOLDINGS (OCLC)
Holding library WACL
050 00 - LIBRARY OF CONGRESS CALL NUMBER
Classification number PZ7.B6724
Item number Luc 2018
082 00 - DEWEY DECIMAL CLASSIFICATION NUMBER
Classification number [Fic]
Edition number 23
092 ## - LOCALLY ASSIGNED DEWEY CALL NUMBER (OCLC)
Classification number junior fiction
Item number Bow
100 1# - MAIN ENTRY--PERSONAL NAME
Personal name Bowen, Fred,
Relator term author.
9 (RLIN) 5967757
245 10 - TITLE STATEMENT
Title Lucky enough /
Statement of responsibility, etc Fred Bowen.
250 ## - EDITION STATEMENT
Edition statement First edition.
264 #1 - Production, Publication, Distribution, Manufacture, and Copyright Notice.
Place of production, publication, distribution, manufacture Atlanta :
Name of producer, publisher, distributor, manufacturer Peachtree,
Date of production, publication, distribution, manufacture, or copyr 2018.
300 ## - PHYSICAL DESCRIPTION
Extent 128 pages :
Other physical details illustrations ;
Dimensions 20 cm
336 ## - Content Type
Content type term text
337 ## - Media type
Media type term unmediated
338 ## - Carrier type
Carrier type term volume
490 1# - SERIES STATEMENT
Series statement Fred Bowen sports story
500 ## - GENERAL NOTE
General note "Also included, 'The real story,' a slice of sports history related to the plot of the book. From the earliest days of baseball, players-- from Honus Wagner, legendary shortstop for the Pittsburgh Pirates, to the third-baseman Wade Boggs -- have believed in superstitions and jinxes.
520 ## - SUMMARY, ETC.
Summary, etc Thirteen-year-old Trey, sure his lucky charm got him onto the Ravens thirteen-year-old travel baseball team, becomes increasingly superstitious and, when he loses the charm, he loses confidence, as well.--Provided by Publisher.
521 ## - TARGET AUDIENCE NOTE
Target audience note junior fiction
Source junior library guild
650 #0 - SUBJECT ADDED ENTRY--TOPICAL TERM
Topical term or geographic name as entry element Baseball stories.
9 (RLIN) 5967758
650 #0 - SUBJECT ADDED ENTRY--TOPICAL TERM
Topical term or geographic name as entry element Superstition
Form subdivision Juvenile fiction.
9 (RLIN) 5967759
650 #0 - SUBJECT ADDED ENTRY--TOPICAL TERM
Topical term or geographic name as entry element Fortune
Form subdivision Juvenile fiction.
9 (RLIN) 5685011
650 #0 - SUBJECT ADDED ENTRY--TOPICAL TERM
Topical term or geographic name as entry element Self-confidence
Form subdivision Juvenile fiction.
9 (RLIN) 5694654
650 #0 - SUBJECT ADDED ENTRY--TOPICAL TERM
Topical term or geographic name as entry element Lost articles
Form subdivision Juvenile fiction.
9 (RLIN) 5679262
650 #1 - SUBJECT ADDED ENTRY--TOPICAL TERM
Topical term or geographic name as entry element Baseball
Form subdivision Fiction.
9 (RLIN) 5681240
650 #1 - SUBJECT ADDED ENTRY--TOPICAL TERM
Topical term or geographic name as entry element Superstition
Form subdivision Fiction.
9 (RLIN) 5967760
650 #1 - SUBJECT ADDED ENTRY--TOPICAL TERM
Topical term or geographic name as entry element Fortune
Form subdivision Fiction.
9 (RLIN) 5967761
650 #1 - SUBJECT ADDED ENTRY--TOPICAL TERM
Topical term or geographic name as entry element Self-confidence
Form subdivision Fiction.
9 (RLIN) 5682344
650 #1 - SUBJECT ADDED ENTRY--TOPICAL TERM
Topical term or geographic name as entry element Lost and found possessions
Form subdivision Fiction.
9 (RLIN) 5679264
650 #4 - SUBJECT ADDED ENTRY--TOPICAL TERM
Topical term or geographic name as entry element JUVENILE FICTION / Sports & Recreation / Baseball & Softball.
9 (RLIN) 5709186
650 #4 - SUBJECT ADDED ENTRY--TOPICAL TERM
Topical term or geographic name as entry element JUVENILE FICTION / Social Themes / Self-Esteem & Self-Reliance.
9 (RLIN) 5717167
650 #4 - SUBJECT ADDED ENTRY--TOPICAL TERM
Topical term or geographic name as entry element JUVENILE FICTION / People & Places / United States / General.
9 (RLIN) 5916004
655 #7 - INDEX TERM--GENRE/FORM
Genre/form data or focus term Fiction.
Source of term fast
-- (OCoLC)fst01423787
9 (RLIN) 5673940
655 #7 - INDEX TERM--GENRE/FORM
Genre/form data or focus term Juvenile works.
Source of term fast
-- (OCoLC)fst01411637
9 (RLIN) 5673941
655 #7 - INDEX TERM--GENRE/FORM
Genre/form data or focus term JUVENILE FICTION / General.
Source of term bisacsh
9 (RLIN) 5967762
655 #4 - INDEX TERM--GENRE/FORM
Genre/form data or focus term JUVENILE FICTION / General.
9 (RLIN) 5967762
655 #7 - INDEX TERM--GENRE/FORM
Genre/form data or focus term Novels.
Source of term lcgft
9 (RLIN) 5967763
800 1# - SERIES ADDED ENTRY--PERSONAL NAME
Personal name Bowen, Fred.
Title of a work Fred Bowen sports story series.
9 (RLIN) 5967764
938 ## -
-- Children's Plus, Inc.
-- CHIL
-- 2053181
938 ## -
-- YBP Library Services
-- YANK
-- 14972211
938 ## -
-- YBP Library Services
-- YANK
-- 14972210
938 ## -
-- Brodart
-- BROD
-- 120721295
938 ## -
-- Brodart
-- BROD
-- 120721287
942 ## - ADDED ENTRY ELEMENTS (KOHA)
Koha item type BOOK
948 ## - LOCAL PROCESSING INFORMATION (OCLC); SERIES PART DESIGNATOR (RLIN)
Series part designator, SPT (RLIN) 04/05/2018
b (OCLC) 06/25/2018
z (OCLC) Sirsi
994 ## -
-- C0
-- WACOL
996 ## -
-- 148863
-- 34301001573221
-- J
-- bk
-- wcl
-- i
-- 2
-- 14.95
-- junior library guild
-- Bow
-- 06/27/2018
-- 04/17/2019
-- 04/17/2019
Holdings
Withdrawn status Lost status Source of classification or shelving scheme Damaged status Not for loan Collection code Home library Current library Shelving location Date acquired Cost, normal purchase price Total Checkouts Total Renewals Full call number Barcode Date last seen Date checked out Cost, replacement price Price effective from Koha item type
    Dewey Decimal Classification     Junior Fiction Wasatch County Library Wasatch County Library Main Floor Junior Area 06/27/2018 14.95 14 15 J Bowen 34301001573221 01/16/2026 12/11/2025 14.95 03/20/2020 BOOK
This project was made possible through a grant from the Institute of Museum and Library Service administered by the Utah State Library Division.

Wasatch County Library

  • 465 East 1200 South, Heber City, Utah 84032
  • Phone 435-654-1511 | Fax 435-654-6456

Hours

  • Monday - Friday 9:30 AM - 8:00 PM
  • Saturday 9:30 AM - 1:30 PM
  • Closed Sundays and Holidays